Tratado de responsabilidad extracontractual
Guardat en:
| Autor principal: | |
|---|---|
| Format: | Llibre |
| Idioma: | espanyol |
| Publicat: |
Santiago
Jurídica de Chile
2006
|
| Edició: | 1a. ed |
| Matèries: | |
| Etiquetes: |
Afegir etiqueta
Sense etiquetes, Sigues el primer a etiquetar aquest registre!
|
MARC
| LEADER | 00000nam a2200000 a 4500 | ||
|---|---|---|---|
| 001 | UCJ9052 | ||
| 003 | CL-VaPUC | ||
| 008 | 070302e20060000CL |||||||||||||||||spa|d | ||
| 020 | |a 9561017318 | ||
| 020 | |a 9789561017313 | ||
| 082 | 0 | 4 | |a 346.8303 |b BAR |2 21 |
| 100 | 0 | |a Barros Bourie, Enrique |e author |9 518954 | |
| 245 | 1 | 0 | |a Tratado de responsabilidad extracontractual |
| 250 | |a 1a. ed | ||
| 300 | |a 1230 p | ||
| 942 | |c BK | ||
| 945 | |d 20070302 00:00:00 |a cmena | ||
| 260 | |a Santiago |b Jurídica de Chile |c 2006 | ||
| 650 | 0 | |a Derecho comercial |9 256340 | |
| 650 | 0 | |a Responsabilidad contractual |9 256720 | |
| 650 | 0 | |a Responsabilidad extracontractual |9 336742 | |
| 650 | 0 | |a Jurisprudencia |9 255952 | |
| 650 | 0 | |a Contratos |9 255153 | |
| 650 | 0 | |a Derecho civil chileno |9 320612 | |
| 583 | |a last modification |c 20070302 00:00:00 |k Rodrigo Vera | ||
| 999 | |c 324691 |d 324689 | ||
| 952 | |0 0 |1 0 |4 0 |6 346_830300000000000_BAR_2006 |7 0 |8 A |9 404991 |a BIBDER |b BIBDER |d 2019-11-22 |i 4315634 |l 1 |m 4 |o 346.8303 BAR 2006 |p 4315634 |q 2025-12-31 |r 2020-02-26 |s 2020-02-26 |w 2019-11-22 |y BK |k DER | ||
| 952 | |0 0 |1 0 |4 0 |6 346_830300000000000_BAR_2006 |7 0 |8 A |9 404992 |a BIBDER |b BIBDER |d 2019-11-22 |i 4330439 |l 1 |m 6 |o 346.8303 BAR 2006 |p 4330439 |q 2025-12-31 |r 2020-03-04 |s 2020-03-04 |w 2019-11-22 |y BK |k DER | ||
| 952 | |0 0 |1 0 |4 0 |6 346_830300000000000_BAR_2006 |7 0 |8 A |9 404993 |a BIBDER |b BIBDER |d 2019-11-22 |i 4360087 |l 8 |m 6 |o 346.8303 BAR 2006 |p 4360087 |r 2024-11-07 |s 2024-11-05 |w 2019-11-22 |y BK |k DER | ||
| 952 | |0 0 |1 0 |4 0 |6 346_830300000000000_BAR_2006 |7 0 |8 A |9 404994 |a BIBDER |b BIBDER |d 2019-11-22 |i 4360095 |l 9 |m 4 |o 346.8303 BAR 2006 |p 4360095 |r 2025-04-14 |s 2025-04-04 |w 2019-11-22 |y BK |k DER | ||
| 952 | |0 0 |1 0 |4 0 |6 346_830300000000000_BAR_2006 |7 0 |8 A |9 404995 |a BIBDER |b BIBDER |d 2019-11-22 |i 4436016 |l 3 |o 346.8303 BAR 2006 |p 4436016 |r 2024-12-06 |s 2024-12-06 |w 2019-11-22 |y BK |k DER | ||
| 952 | |0 0 |1 0 |4 0 |6 346_830300000000000_BAR_2006 |7 0 |8 A |9 404996 |a BIBDER |b BIBDER |d 2019-11-22 |i 4436008 |l 3 |m 2 |o 346.8303 BAR 2006 |p 4436008 |r 2024-04-16 |s 2024-04-16 |w 2019-11-22 |y BK |k DER | ||
| 952 | |0 0 |1 0 |4 0 |6 346_830300000000000_BAR_2006 |7 0 |8 A |9 404997 |a BIBDER |b BIBDER |d 2019-11-22 |i 4435990 |l 10 |m 2 |o 346.8303 BAR 2006 |p 4435990 |r 2024-04-16 |s 2024-04-15 |w 2019-11-22 |y BK |k DER | ||
| 952 | |0 0 |1 0 |4 0 |6 346_830300000000000_BAR_2006 |7 0 |8 A |9 404998 |a BIBDER |b BIBDER |d 2019-11-22 |i 4435982 |l 3 |o 346.8303 BAR 2006 |p 4435982 |r 2024-04-17 |s 2024-04-10 |w 2019-11-22 |y BK |k DER | ||
| 952 | |0 0 |1 0 |4 0 |6 346_830300000000000_BAR_2006 |7 0 |8 A |9 404999 |a BIBDER |b BIBDER |d 2019-11-22 |i 4435974 |l 9 |m 1 |o 346.8303 BAR 2006 |p 4435974 |r 2023-09-12 |s 2023-09-07 |w 2019-11-22 |y BK |k DER | ||
| 952 | |0 0 |1 0 |4 0 |6 346_830300000000000_BAR_2006 |7 0 |8 A |9 405000 |a BIBDER |b BIBDER |d 2019-11-22 |i 4498364 |l 4 |m 1 |o 346.8303 BAR 2006 |p 4498364 |r 2025-03-06 |s 2025-01-02 |w 2019-11-22 |y BK |k DER | ||
| 952 | |0 0 |1 0 |4 0 |6 346_830300000000000_BAR_2006 |7 0 |8 A |9 405001 |a BIBDER |b BIBDER |d 2019-11-22 |i 4498372 |l 13 |o 346.8303 BAR 2006 |p 4498372 |r 2023-10-06 |s 2023-10-06 |w 2019-11-22 |y BK |k DER | ||
| 952 | |0 0 |1 0 |4 0 |6 346_830300000000000_BAR_2006 |7 0 |8 A |9 405002 |a BIBDER |b BIBDER |d 2019-11-22 |i 4498380 |l 5 |m 1 |o 346.8303 BAR 2006 |p 4498380 |r 2024-12-13 |s 2024-12-13 |w 2019-11-22 |y BK |k DER | ||
| 952 | |0 0 |1 0 |4 0 |6 346_830300000000000_BAR_2006 |7 0 |8 A |9 405003 |a BIBDER |b BIBDER |d 2019-11-22 |i 4508793 |l 17 |m 1 |o 346.8303 BAR 2006 |p 4508793 |r 2025-04-07 |s 2025-04-07 |w 2019-11-22 |y BK |k DER | ||